| 000 | 02429pam a22003494a 4500 | ||
|---|---|---|---|
| 999 |
_c3437 _d3437 |
||
| 001 | 13591915 | ||
| 003 | OSt | ||
| 005 | 20181113115649.0 | ||
| 008 | 040513s2004 nyu b 000 0 eng | ||
| 010 | _a 2004011442 | ||
| 020 | _a0446532754 | ||
| 035 | _a(OCoLC)ocm55149452 | ||
| 040 |
_aDLC _cDLC _dYDX _dDLC |
||
| 042 | _apcc | ||
| 050 | 0 | 0 |
_aBV4598.2 _b.O88 2004 |
| 082 | 0 | 0 |
_a248.4 _222 _bO85Y |
| 100 | 1 | _aOsteen, Joel. | |
| 245 | 1 | 0 |
_aYour best life now : _b7 steps to living at your full potential / _cJoel Osteen. |
| 250 | _a1st Warner Faith ed. | ||
| 260 |
_aNew York : _bWarner Books, _cc2004. |
||
| 300 |
_ax, 310 p. ; _c24 cm. |
||
| 504 | _aIncludes bibliographical references (p. 307-309). | ||
| 505 | 0 | _aEnlarge your vision -- Enlarging your vision -- Raising the level of your expectancy -- God has more in store -- Breaking the barriers of the past -- Increasing in favor -- Living favor minded -- Develop a healthy self-image -- Who do you think you are? -- Understanding your value -- Become what you believe -- Developing a prosperous mindset -- Be happy with who you are -- Discover the power of your thoughts and words -- Choosing the right thoughts -- Re-programming your mental computer -- Power in your words -- Speaking life-changing words -- Speaking a blessing -- Let go of the past -- Letting go of emotional wounds -- Don't let bitterness take root -- Let God bring justice in your life -- Defeating disappointments -- Find strength through adversity -- Getting up on the inside -- Trusting God's timing -- The purpose of trials -- Trusting God when life doesn't make sense -- Live to give! -- The joy of giving -- Showing God's kindness and mercy -- Keep your heart of compassion open -- The seed must lead -- Sowing and growing -- Choose to be happy -- Happiness is a choice -- Being a person of excellence and integrity -- Living with enthusiasm. | |
| 650 | 0 |
_aSelf-actualization (Psychology) _xReligious aspects _xChristianity. |
|
| 650 | 0 |
_aSuccess _xReligious aspects _xChristianity. |
|
| 856 | 4 | 2 |
_3Contributor biographical information _uhttp://www.loc.gov/catdir/enhancements/fy0742/2004011442-b.html |
| 856 | 4 | 2 |
_3Publisher description _uhttp://www.loc.gov/catdir/enhancements/fy0914/2004011442-d.html |
| 906 |
_a7 _bcbc _corignew _d1 _eecip _f20 _gy-gencatlg |
||
| 942 |
_2ddc _cBK |
||